[Event "DRUGA LIGA SRBIJE-GRUPA VOJVODINA 2018"]
[Site "Novi Sad"]
[Date "2018.11.11"]
[Round "4.1"]
[White "Pastar, Slaven"]
[Black "Obodchuk, Andrei"]
[Result "0-1"]
[WhiteElo "2326"]
[BlackElo "2319"]
[PlyCount "98"]
[EventDate "2018.11.09"]
[WhiteTeam "S.K. KRALJICA PTT-NOVI SAD"]
[BlackTeam "S.K. BUDUCNOST-SRPSKA CRNJA"]

1. d4 Nf6 2. c4 g6 3. Nc3 d5 4. cxd5 Nxd5 5. e4 Nxc3 6. bxc3 Bg7 7. Be3 c5 8.
Qd2 Qa5 9. Rc1 O-O 10. Nf3 Rd8 11. d5 e6 12. c4 Qxd2+ 13. Nxd2 Na6 14. Be2 b6
15. O-O Bd7 16. Nb1 f5 17. dxe6 Bxe6 18. exf5 Bxf5 19. Bf3 Rab8 20. Bf4 Rbc8
21. Bb7 Nb4 22. Bxc8 Rxc8 23. Rcd1 Bd3 24. Rfe1 Bxc4 25. Nd2 Bxa2 26. Ne4 Nd5
27. Bg5 a5 28. Nd6 Rf8 29. Be7 Rb8 30. Nb5 Bb3 31. Bd6 Rc8 32. Rd2 a4 33. Be5
Bf8 34. Nd6 Ra8 35. Ne4 Bg7 36. Bxg7 Kxg7 37. f3 a3 38. Ra1 a2 39. Kf2 Ra7 40.
Nc3 Nxc3 41. Rd3 Nd1+ 42. Ke1 c4 43. Rdxd1 Re7+ 44. Kf2 Bxd1 45. Rxd1 Ra7 46.
Ra1 b5 47. Ke3 b4 48. Kd2 b3 49. Kc3 Rc7 0-1

[Event "DRUGA LIGA SRBIJE-GRUPA VOJVODINA 2018"]
[Site "Novi Sad"]
[Date "2018.11.11"]
[Round "4.1"]
[White "Nadj Hedjesi, Balind"]
[Black "Banovic, Ivan"]
[Result "1-0"]
[WhiteElo "2276"]
[BlackElo "2246"]
[PlyCount "71"]
[EventDate "2018.11.09"]
[WhiteTeam "S.K. BUDUCNOST-SRPSKA CRNJA"]
[BlackTeam "S.K. KRALJICA PTT-NOVI SAD"]

1. d4 Nf6 2. Nf3 e6 3. g3 b6 4. Bg2 Bb7 5. c4 Bb4+ 6. Nbd2 O-O 7. O-O Re8 8. a3
Bf8 9. Qc2 d6 10. e4 e5 11. b3 Nbd7 12. Bb2 g6 13. Rfe1 Bg7 14. Rad1 Qe7 15. d5
a5 16. b4 Nh5 17. Nb3 axb4 18. axb4 Ra2 19. Nc1 Raa8 20. Bh3 Rf8 21. Re3 Bh6
22. Rc3 Ng7 23. c5 dxc5 24. bxc5 Nxc5 25. Nxe5 Qxe5 26. Rxc5 Qh5 27. Rxc7 Bxd5
28. Bg2 Be6 29. Rd6 Rac8 30. Rxc8 Bxc8 31. Nd3 Bh3 32. Rd5 Qg4 33. Ne5 Qe6 34.
Bxh3 Qxh3 35. Nd7 Ra8 36. Qc6 1-0

[Event "DRUGA LIGA SRBIJE-GRUPA VOJVODINA 2018"]
[Site "Novi Sad"]
[Date "2018.11.11"]
[Round "4.1"]
[White "Desnica, Vladan"]
[Black "Adamovic, Sasa"]
[Result "1-0"]
[WhiteElo "2299"]
[BlackElo "1904"]
[PlyCount "87"]
[EventDate "2018.11.09"]
[WhiteTeam "S.K. KRALJICA PTT-NOVI SAD"]
[BlackTeam "S.K. BUDUCNOST-SRPSKA CRNJA"]

1. g3 Nf6 2. Bg2 g6 3. e4 d6 4. d4 Bg7 5. Ne2 O-O 6. O-O c6 7. Nbc3 Qc7 8. h3
b5 9. a3 a6 10. Be3 Bb7 11. Qd2 Re8 12. f4 Nbd7 13. g4 Nb6 14. b3 e6 15. Ng3
Nfd7 16. f5 exf5 17. gxf5 c5 18. d5 b4 19. axb4 cxb4 20. Nce2 Bxa1 21. Rxa1
Rac8 22. Bd4 Ne5 23. Qxb4 Nbd7 24. c4 Nc5 25. Rf1 h6 26. Be3 Kh7 27. f6 Rb8 28.
Qc3 Bc8 29. Nd4 Bd7 30. Bxh6 Kxh6 31. Qe3+ Kh7 32. Ngf5 Bxf5 33. Nxf5 gxf5 34.
Qg5 Ng6 35. Qh5+ Kg8 36. Qh6 Ne6 37. dxe6 fxe6 38. Qxg6+ Kf8 39. Qh6+ Kg8 40.
Rf3 Qh7 41. f7+ Kh8 42. fxe8=R+ Rxe8 43. Qxh7+ Kxh7 44. exf5 1-0

[Event "DRUGA LIGA SRBIJE-GRUPA VOJVODINA 2018"]
[Site "Novi Sad"]
[Date "2018.11.11"]
[Round "4.1"]
[White "Sukovic, Srdjan"]
[Black "Remecki, Sinisa"]
[Result "0-1"]
[WhiteElo "2015"]
[BlackElo "2257"]
[PlyCount "76"]
[EventDate "2018.11.09"]
[WhiteTeam "S.K. BUDUCNOST-SRPSKA CRNJA"]
[BlackTeam "S.K. KRALJICA PTT-NOVI SAD"]

1. e4 c5 2. Nf3 Nc6 3. Bb5 Qb6 4. Nc3 e6 5. O-O a6 6. Bc4 d6 7. Re1 Nf6 8. h3
Be7 9. a4 O-O 10. d3 Rd8 11. Bg5 h6 12. Bd2 d5 13. exd5 exd5 14. Bb3 Be6 15.
Ne2 Qc7 16. c3 Bf5 17. Bf4 Bd6 18. Bxd6 Qxd6 19. Ng3 Bh7 20. d4 c4 21. Bc2 Bxc2
22. Qxc2 Re8 23. Nf5 Qf4 24. N3h4 b5 25. axb5 axb5 26. Rxa8 Rxa8 27. g3 Qc7 28.
Nf3 b4 29. Ne5 Re8 30. f4 bxc3 31. bxc3 Nxe5 32. fxe5 Ne4 33. Rxe4 dxe4 34.
Qxe4 Qa5 35. Qc2 Rb8 36. Kf2 Qa1 37. Kf3 Rb2 38. Qe4 Qd1+ 0-1

[Event "DRUGA LIGA SRBIJE-GRUPA VOJVODINA 2018"]
[Site "Novi Sad"]
[Date "2018.11.11"]
[Round "4.1"]
[White "Ubiparip, Zivko"]
[Black "Santrac, Bozo"]
[Result "1-0"]
[WhiteElo "2137"]
[BlackElo "1968"]
[PlyCount "67"]
[EventDate "2018.11.09"]
[WhiteTeam "S.K. KRALJICA PTT-NOVI SAD"]
[BlackTeam "S.K. BUDUCNOST-SRPSKA CRNJA"]

1. d4 Nf6 2. c4 g6 3. Nc3 Bg7 4. e4 d6 5. Be2 Nc6 6. Nf3 O-O 7. O-O e5 8. d5
Ne7 9. Ne1 Ne8 10. Be3 f5 11. f3 f4 12. Bf2 g5 13. a4 a5 14. c5 Ng6 15. Rc1 h5
16. Nd3 Rf7 17. b4 axb4 18. Nxb4 Bf8 19. Nb5 Rg7 20. cxd6 cxd6 21. Na7 Bd7 22.
Bb5 Qa5 23. Qb3 Bxb5 24. Nxb5 Qxa4 25. Qxa4 Rxa4 26. Nd3 Rd7 27. Rc8 Kf7 28. h3
Be7 29. Rb8 Bd8 30. Rc1 Ne7 31. Nxd6+ Rxd6 32. Nxe5+ Kf8 33. Bc5 Bb6 34. Bxb6
1-0

[Event "DRUGA LIGA SRBIJE-GRUPA VOJVODINA 2018"]
[Site "Novi Sad"]
[Date "2018.11.11"]
[Round "4.1"]
[White "Zarin, David"]
[Black "Matijevic, Radovan"]
[Result "1-0"]
[WhiteElo "1989"]
[BlackElo "2105"]
[PlyCount "75"]
[EventDate "2018.11.09"]
[WhiteTeam "S.K. BUDUCNOST-SRPSKA CRNJA"]
[BlackTeam "S.K. KRALJICA PTT-NOVI SAD"]

1. e4 c6 2. c4 d5 3. exd5 cxd5 4. d4 Nf6 5. Nc3 e6 6. Nf3 Be7 7. Be2 O-O 8. O-O
dxc4 9. Bxc4 a6 10. h3 b5 11. Be2 Bb7 12. Be3 Nbd7 13. Nd2 Nb6 14. Bf3 Qd7 15.
Nb3 Nc4 16. Bxb7 Qxb7 17. Qe2 Rac8 18. Nc5 Bxc5 19. dxc5 Nxe3 20. Qxe3 b4 21.
Na4 Nd5 22. Qb3 Qb5 23. a3 a5 24. Rfc1 Nf4 25. Rc4 Nd5 26. axb4 axb4 27. Nc3
Nxc3 28. bxc3 Rxc5 29. Rxc5 Qxc5 30. cxb4 Qe5 31. Rd1 h6 32. b5 Rb8 33. b6 Qe2
34. b7 Kh7 35. Qb1+ g6 36. Rd7 Kg7 37. Qa1+ Kg8 38. Qf6 1-0

[Event "DRUGA LIGA SRBIJE-GRUPA VOJVODINA 2018"]
[Site "Novi Sad"]
[Date "2018.11.11"]
[Round "4.2"]
[White "Blagojevic, Dragisa"]
[Black "Csizik, Karoly"]
[Result "1-0"]
[WhiteElo "2494"]
[BlackElo "1932"]
[PlyCount "77"]
[EventDate "2018.11.09"]
[WhiteTeam "Š.K. MLADOST-NOVA PAZOVA"]
[BlackTeam "S.K. SENTA-SENTA"]

1. d4 Nf6 2. c4 g6 3. Nf3 Bg7 4. g3 O-O 5. Bg2 d6 6. O-O Nc6 7. Nc3 a6 8. Bf4
Rb8 9. Rc1 Bd7 10. Qd2 b5 11. Nd5 bxc4 12. Nxf6+ Bxf6 13. Rxc4 e5 14. Bh6 Re8
15. dxe5 Nxe5 16. Nxe5 Rxe5 17. Bf4 Re8 18. b3 Bb5 19. Re4 Qd7 20. Rc1 Rxe4 21.
Bxe4 Qe6 22. Bd5 Qe7 23. e4 Rd8 24. a4 Be8 25. Qd3 a5 26. Bd2 c6 27. Bxc6 Bxc6
28. Rxc6 Qe5 29. Kg2 d5 30. Bc3 d4 31. Bd2 Re8 32. f4 Qxe4+ 33. Qxe4 Rxe4 34.
Kf3 Re6 35. Rxe6 fxe6 36. Bxa5 Kf7 37. Ke4 Ke7 38. Bb6 Kd6 39. Bxd4 1-0

[Event "DRUGA LIGA SRBIJE-GRUPA VOJVODINA 2018"]
[Site "Novi Sad"]
[Date "2018.11.11"]
[Round "4.2"]
[White "Balla, Tamas-Kristof"]
[Black "Vlatkovic, Sinisa"]
[Result "1/2-1/2"]
[WhiteElo "2318"]
[BlackElo "2283"]
[PlyCount "50"]
[EventDate "2018.11.09"]
[WhiteTeam "S.K. SENTA-SENTA"]
[BlackTeam "Š.K. MLADOST-NOVA PAZOVA"]

1. e4 d6 2. d4 Nf6 3. f3 e5 4. d5 Nh5 5. Be3 f5 6. Nc3 f4 7. Bf2 Be7 8. g4 Nf6
9. Bc4 h5 10. g5 Nfd7 11. h4 g6 12. Qd2 O-O 13. a3 Kg7 14. Ba2 c5 15. b4 b6 16.
Nge2 a5 17. bxc5 bxc5 18. Na4 Nb6 19. Nxb6 Qxb6 20. Rb1 Qc7 21. Nc3 Bd7 22. Bc4
Na6 23. Qd3 Qc8 24. Rb6 Nb8 25. Ke2 Bd8 1/2-1/2

[Event "DRUGA LIGA SRBIJE-GRUPA VOJVODINA 2018"]
[Site "Novi Sad"]
[Date "2018.11.11"]
[Round "4.2"]
[White "Grcic, Vukasin"]
[Black "Kopasz, Robert"]
[Result "0-1"]
[WhiteElo "2174"]
[BlackElo "2320"]
[PlyCount "58"]
[EventDate "2018.11.09"]
[WhiteTeam "Š.K. MLADOST-NOVA PAZOVA"]
[BlackTeam "S.K. SENTA-SENTA"]

1. e4 g6 2. d4 Bg7 3. Nc3 d6 4. f4 Nf6 5. Nf3 O-O 6. e5 dxe5 7. fxe5 Nd5 8. Bc4
Nb6 9. Bb3 Nc6 10. a4 Bg4 11. a5 Bxf3 12. gxf3 Nc8 13. a6 b6 14. Bd5 Qd7 15. f4
e6 16. Be4 N8e7 17. d5 exd5 18. Nxd5 Rad8 19. c4 Nxd5 20. Qxd5 Qxd5 21. cxd5
Ne7 22. d6 cxd6 23. exd6 Rxd6 24. Kf2 Rfd8 25. Ra4 f5 26. Bb7 Bxb2 27. Be3 Nd5
28. Rd1 Nxe3 29. Rxd6 Ng4+ 0-1

[Event "DRUGA LIGA SRBIJE-GRUPA VOJVODINA 2018"]
[Site "Novi Sad"]
[Date "2018.11.11"]
[Round "4.2"]
[White "Simonyi, Zoltan"]
[Black "Stamenkovic, Aleksandar"]
[Result "1/2-1/2"]
[WhiteElo "2208"]
[BlackElo "2165"]
[PlyCount "57"]
[EventDate "2018.11.09"]
[WhiteTeam "S.K. SENTA-SENTA"]
[BlackTeam "Š.K. MLADOST-NOVA PAZOVA"]

1. c4 c6 2. e4 d5 3. cxd5 cxd5 4. exd5 Nf6 5. Nc3 Nxd5 6. d4 e6 7. Nf3 Be7 8.
Bc4 Nxc3 9. bxc3 O-O 10. O-O Qc7 11. Qd3 Nd7 12. Bb3 Rd8 13. Bc2 g6 14. Ng5 Nf6
15. Qf3 Bd7 16. Bf4 Qc6 17. Ne4 Nd5 18. Bd2 Kg7 19. Qh3 h5 20. Qd3 Rac8 21. Bb3
Nf6 22. Rfe1 Qb5 23. c4 Qf5 24. f3 b5 25. Rec1 bxc4 26. Bxc4 Nd5 27. Qe2 h4 28.
Ba6 Rxc1+ 29. Rxc1 1/2-1/2

[Event "DRUGA LIGA SRBIJE-GRUPA VOJVODINA 2018"]
[Site "Novi Sad"]
[Date "2018.11.11"]
[Round "4.2"]
[White "Subotic, Srbislav"]
[Black "Vranic, Ljubomir"]
[Result "1/2-1/2"]
[WhiteElo "2126"]
[BlackElo "2227"]
[PlyCount "44"]
[EventDate "2018.11.09"]
[WhiteTeam "Š.K. MLADOST-NOVA PAZOVA"]
[BlackTeam "S.K. SENTA-SENTA"]

1. e4 d6 2. d4 Nf6 3. Nc3 c6 4. f4 g6 5. Nf3 Bg7 6. e5 Nfd7 7. Be3 f6 8. Bc4 d5
9. Bd3 Qb6 10. Qd2 Nf8 11. O-O-O Bg4 12. Be2 f5 13. h3 Bxf3 14. Bxf3 e6 15. g4
Nbd7 16. gxf5 exf5 17. h4 h5 18. Rhg1 Qb4 19. Qe2 Nb6 20. a3 Qe7 21. Bf2 Bh6
22. Bg3 Ne6 1/2-1/2

[Event "DRUGA LIGA SRBIJE-GRUPA VOJVODINA 2018"]
[Site "Novi Sad"]
[Date "2018.11.11"]
[Round "4.2"]
[White "Nagy, Attila N"]
[Black "Gavric, Zivojin"]
[Result "1/2-1/2"]
[WhiteElo "2241"]
[BlackElo "2125"]
[PlyCount "51"]
[EventDate "2018.11.09"]
[WhiteTeam "S.K. SENTA-SENTA"]
[BlackTeam "Š.K. MLADOST-NOVA PAZOVA"]

1. d4 d5 2. Nf3 Bf5 3. c4 e6 4. Nc3 c6 5. g3 Nf6 6. Bg2 Nbd7 7. Nh4 Bg6 8. O-O
Be7 9. Nxg6 hxg6 10. e4 dxe4 11. Nxe4 O-O 12. Be3 Nxe4 13. Bxe4 Bg5 14. f4 Bf6
15. Qb3 Qc7 16. Rfd1 Nb6 17. Rac1 Rfe8 18. Bg2 Rad8 19. a4 Nc8 20. d5 c5 21.
Bf2 b6 22. Qb5 exd5 23. cxd5 Nd6 24. Qc6 Qb8 25. a5 Rc8 26. Qa4 1/2-1/2

[Event "DRUGA LIGA SRBIJE-GRUPA VOJVODINA 2018"]
[Site "Novi Sad"]
[Date "2018.11.11"]
[Round "4.3"]
[White "Nikolovski, Nikola"]
[Black "Grigoryan, Karen H"]
[Result "1/2-1/2"]
[WhiteElo "2380"]
[BlackElo "2542"]
[PlyCount "105"]
[EventDate "2018.11.09"]
[WhiteTeam "Š.K. BATA  COSIC-OPOVO"]
[BlackTeam "S.K. NAFTAGAS-ELEMIR"]

1. e4 c5 2. Nf3 d6 3. d4 cxd4 4. Nxd4 Nf6 5. Nc3 a6 6. Bg5 Nbd7 7. Qe2 h6 8.
Bh4 g6 9. f4 e5 10. fxe5 dxe5 11. O-O-O Qc7 12. Nb3 b5 13. Rxd7 Nxd7 14. Nd5
Qd6 15. Na5 f6 16. Qf3 Be7 17. Be2 Bd8 18. Rd1 Qe6 19. Qa3 Rb8 20. h3 h5 21.
Be1 Kf7 22. Bb4 Nb6 23. Bd6 Rb7 24. Nxb7 Bxb7 25. Qc5 Nxd5 26. exd5 Qd7 27. a4
bxa4 28. Kb1 Re8 29. c4 e4 30. Qa3 e3 31. c5 Qf5+ 32. Qd3 Qxd3+ 33. Rxd3 Bc8
34. Kc1 Bf5 35. Rd4 Re4 36. Rxe4 Bxe4 37. Bf3 Bd3 38. c6 e2 39. Bb4 Be7 40. Ba5
Bd6 41. Kd2 Bc4 42. Bxe2 Bxd5 43. c7 Bb7 44. Bf3 Bc8 45. Kc3 Ke7 46. Bc6 a3 47.
bxa3 Bxa3 48. Kd4 g5 49. Kd5 Bd6 50. Ba8 Kd7 51. Bc6+ Ke7 52. Ba8 Kd7 53. Bc6+
1/2-1/2

[Event "DRUGA LIGA SRBIJE-GRUPA VOJVODINA 2018"]
[Site "Novi Sad"]
[Date "2018.11.11"]
[Round "4.3"]
[White "Ratkovic, Miloje"]
[Black "Milojevic, Dusan"]
[Result "1-0"]
[WhiteElo "2403"]
[BlackElo "2287"]
[PlyCount "111"]
[EventDate "2018.11.09"]
[WhiteTeam "S.K. NAFTAGAS-ELEMIR"]
[BlackTeam "Š.K. BATA  COSIC-OPOVO"]

1. d4 Nf6 2. Bf4 Nh5 3. Bg5 c6 4. e4 Nf6 5. e5 Nd5 6. c4 Nc7 7. Nc3 d5 8. exd6
Qxd6 9. Qd2 e6 10. Nf3 Be7 11. Bd3 Nba6 12. O-O Qd8 13. Bxe7 Qxe7 14. Rad1 O-O
15. Rfe1 Qd8 16. Bb1 b5 17. cxb5 cxb5 18. Qd3 g6 19. Nxb5 Rb8 20. Nxc7 Nxc7 21.
Qd2 Bb7 22. Ne5 f5 23. Rc1 Nb5 24. Red1 Qd5 25. Nf3 Qd6 26. a4 Bxf3 27. gxf3
Nc7 28. Ba2 Nd5 29. Rc5 Nf4 30. Re5 g5 31. Rde1 Rf6 32. Qc3 Rd8 33. d5 exd5 34.
Bxd5+ Kg7 35. Bb3 Kg6 36. Re8 Rd7 37. Qc8 Qd2 38. Qc3 Nh3+ 39. Kh1 Nxf2+ 40.
Kg1 Nh3+ 41. Kh1 Nf4 42. Rg8+ Kh5 43. Rxg5+ Kxg5 44. Rg1+ Kh6 45. Qxf6+ Ng6 46.
Qxf5 Rd4 47. Bf7 Rd6 48. Bxg6 hxg6 49. Qf8+ Kh7 50. Qe7+ Kh6 51. Re1 Qf4 52.
Qe3 Qxe3 53. Rxe3 Rd1+ 54. Kg2 Rd2+ 55. Kg3 Rxb2 56. Re7 1-0

[Event "DRUGA LIGA SRBIJE-GRUPA VOJVODINA 2018"]
[Site "Novi Sad"]
[Date "2018.11.11"]
[Round "4.3"]
[White "Jovanovski, Slobodan"]
[Black "Ratkovic, Milovan"]
[Result "1-0"]
[WhiteElo "2330"]
[BlackElo "2411"]
[PlyCount "113"]
[EventDate "2018.11.09"]
[WhiteTeam "Š.K. BATA  COSIC-OPOVO"]
[BlackTeam "S.K. NAFTAGAS-ELEMIR"]

1. d4 Nf6 2. Nf3 g6 3. c4 Bg7 4. Nc3 O-O 5. Bg5 d6 6. e3 h6 7. Bh4 c5 8. Be2 g5
9. Bg3 Nh5 10. d5 a6 11. a4 Nd7 12. Nd2 Nxg3 13. hxg3 f5 14. Nf3 Nf6 15. Bd3 e6
16. dxe6 Bxe6 17. O-O Qe7 18. Qc2 Ng4 19. Be2 Qf7 20. Nd2 Qh5 21. Bxg4 Qxg4 22.
Qd3 Rad8 23. Nd5 Rf7 24. Ra2 Kh8 25. b3 Rg8 26. Nf3 f4 27. Nh2 Qh5 28. exf4 Bf5
29. Qf3 g4 30. Qd1 Qg6 31. Re1 Bf8 32. Rae2 h5 33. Qd2 Rh7 34. Ne7 Bxe7 35.
Rxe7 Rxe7 36. Rxe7 Qf6 37. Re3 Qd4 38. Qe1 Rg7 39. Nf1 Kh7 40. Re7 Qf6 41.
Rxg7+ Kxg7 42. Ne3 Be6 43. Qa5 h4 44. Qc7+ Kg6 45. Qxd6 hxg3 46. Qd3+ Kg7 47.
fxg3 Qa1+ 48. Kh2 Qd4 49. Qe2 Qe4 50. Qd2 Qh7+ 51. Kg1 Qb1+ 52. Qd1 Qg6 53. Qd8
Qb1+ 54. Kh2 Qxb3 55. Qe7+ Bf7 56. Nf5+ Kg6 57. Qg5+ 1-0

[Event "DRUGA LIGA SRBIJE-GRUPA VOJVODINA 2018"]
[Site "Novi Sad"]
[Date "2018.11.11"]
[Round "4.3"]
[White "Popov, Sinisa S"]
[Black "Kosanovic, Dragan"]
[Result "1-0"]
[WhiteElo "2432"]
[BlackElo "2329"]
[PlyCount "61"]
[EventDate "2018.11.09"]
[WhiteTeam "S.K. NAFTAGAS-ELEMIR"]
[BlackTeam "Š.K. BATA  COSIC-OPOVO"]

1. d4 Nf6 2. c4 e6 3. Nc3 c5 4. d5 exd5 5. cxd5 d6 6. e4 g6 7. h3 Bg7 8. Nf3
O-O 9. Bd3 Na6 10. O-O Nc7 11. Re1 a6 12. a4 Rb8 13. a5 Nd7 14. Bf4 Qe7 15. Bf1
Ne5 16. Nd2 b5 17. axb6 Rxb6 18. Qc2 Nb5 19. Nxb5 axb5 20. Be3 g5 21. b4 Nd7
22. Ra7 Bb7 23. Nb3 Rc8 24. Rc1 Bf8 25. Be2 Rc7 26. Bg4 Qd8 27. Bxd7 Qxd7 28.
Qd2 f5 29. bxc5 dxc5 30. Bxc5 Bxc5 31. Nxc5 1-0

[Event "DRUGA LIGA SRBIJE-GRUPA VOJVODINA 2018"]
[Site "Novi Sad"]
[Date "2018.11.11"]
[Round "4.3"]
[White "Vlajkovic, Goran"]
[Black "Bodiroga, Predrag"]
[Result "1/2-1/2"]
[WhiteElo "2158"]
[BlackElo "2331"]
[PlyCount "64"]
[EventDate "2018.11.09"]
[WhiteTeam "Š.K. BATA  COSIC-OPOVO"]
[BlackTeam "S.K. NAFTAGAS-ELEMIR"]

1. d4 Nf6 2. c4 e6 3. Nc3 d5 4. cxd5 Nxd5 5. e4 Nxc3 6. bxc3 c5 7. Nf3 cxd4 8.
cxd4 Bb4+ 9. Bd2 Bxd2+ 10. Qxd2 O-O 11. Be2 b6 12. O-O Bb7 13. Qe3 Nd7 14. Bd3
Rc8 15. Rac1 Qe7 16. e5 h6 17. Nd2 Qg5 18. Qxg5 hxg5 19. Bb5 Nb8 20. Nc4 a6 21.
Ba4 b5 22. Nd6 Rxc1 23. Rxc1 Ba8 24. Bb3 Nc6 25. Rd1 Rd8 26. g3 g4 27. h3 gxh3
28. Kh2 Kf8 29. f4 Ne7 30. Rc1 Bc6 31. g4 Bg2 32. Rc7 g6 1/2-1/2

[Event "DRUGA LIGA SRBIJE-GRUPA VOJVODINA 2018"]
[Site "Novi Sad"]
[Date "2018.11.11"]
[Round "4.3"]
[White "Besedes, Danilo"]
[Black "Joksimovic, Dragoljub"]
[Result "1/2-1/2"]
[WhiteElo "2290"]
[BlackElo "2145"]
[PlyCount "117"]
[EventDate "2018.11.09"]
[WhiteTeam "S.K. NAFTAGAS-ELEMIR"]
[BlackTeam "Š.K. BATA  COSIC-OPOVO"]

1. b3 d6 2. Bb2 e5 3. e3 Nc6 4. d4 Be7 5. Nc3 exd4 6. exd4 Bf6 7. Nge2 Nge7 8.
Ne4 Ng6 9. Nxf6+ Qxf6 10. Qd2 O-O 11. f3 a5 12. O-O-O d5 13. a3 Nce7 14. Kb1
Nf5 15. Nf4 c6 16. Nxg6 Qxg6 17. Bd3 Qh6 18. Qxh6 Nxh6 19. g4 f6 20. Rde1 a4
21. h4 Nf7 22. Re7 Nd6 23. Rhe1 axb3 24. cxb3 h5 25. gxh5 Bf5 26. Bxf5 Nxf5 27.
Rxb7 Rab8 28. Rxb8 Rxb8 29. Kc2 Nxh4 30. Re3 Kf7 31. Rc3 Rc8 32. Bc1 Nf5 33.
Kd3 Ke6 34. a4 Kd7 35. Bf4 Rh8 36. b4 Nd6 37. Bxd6 Kxd6 38. Rc5 Rxh5 39. Ra5
Rh3 40. Ra6 Rxf3+ 41. Ke2 Rc3 42. b5 Kc7 43. Ra7+ Kb6 44. Ra6+ Kb7 45. a5 cxb5
46. Rb6+ Kc7 47. Rxb5 Kd6 48. a6 Ra3 49. Rb6+ Kd7 50. Kd2 Kc7 51. Rb7+ Kc6 52.
Rxg7 Rxa6 53. Rf7 Kb5 54. Kc3 Ra3+ 55. Kd2 Rf3 56. Ke2 Rf5 57. Rc7 Kb4 58. Rc5
Rh5 59. Kf3 1/2-1/2

[Event "DRUGA LIGA SRBIJE-GRUPA VOJVODINA 2018"]
[Site "Novi Sad"]
[Date "2018.11.11"]
[Round "4.4"]
[White "Petakov, Uros"]
[Black "Budisavljevic, Luka"]
[Result "0-1"]
[WhiteElo "2325"]
[BlackElo "2344"]
[PlyCount "58"]
[EventDate "2018.11.09"]
[WhiteTeam "S.K. STARA PAZOVA-STARA PAZOVA"]
[BlackTeam "S.K. VOJVODINA-NOVI SAD"]

1. d4 Nf6 2. Nf3 c5 3. e3 g6 4. c3 Bg7 5. Nbd2 b6 6. Ne5 O-O 7. Qf3 d5 8. a4
Bb7 9. a5 Nfd7 10. Nxd7 Nxd7 11. Bb5 Qc7 12. O-O e5 13. a6 Bc6 14. Bxc6 Qxc6
15. c4 exd4 16. cxd5 Qf6 17. Qh3 dxe3 18. fxe3 Qd6 19. e4 Ne5 20. Qg3 Rad8 21.
Nf3 Nd3 22. Qh4 Nxc1 23. Raxc1 Bxb2 24. Ng5 h5 25. Rc2 Bf6 26. Rcf2 Bd4 27. g4
Qf4 28. h3 Be3 29. Nxf7 Qxf7 0-1

[Event "DRUGA LIGA SRBIJE-GRUPA VOJVODINA 2018"]
[Site "Novi Sad"]
[Date "2018.11.11"]
[Round "4.4"]
[White "Stanojevic, Branko"]
[Black "Mikheev, Stanislav"]
[Result "1-0"]
[WhiteElo "2180"]
[BlackElo "2307"]
[PlyCount "80"]
[EventDate "2018.11.09"]
[WhiteTeam "S.K. STARA PAZOVA-STARA PAZOVA"]
[BlackTeam "S.K. VOJVODINA-NOVI SAD"]

1. d4 Nf6 2. Nf3 c5 3. e3 b6 4. Bd3 Bb7 5. Nbd2 g6 6. O-O Bg7 7. c3 O-O 8. Qe2
d6 9. Re1 Nbd7 10. Ba6 Qc8 11. Bxb7 Qxb7 12. e4 cxd4 13. cxd4 e6 14. b3 Rfc8
15. Ba3 Ne8 16. Rac1 b5 17. e5 dxe5 18. dxe5 Qd5 19. Bb2 Bh6 20. Rxc8 Rxc8 21.
Ne4 a6 22. Rd1 Qb7 23. h4 Nb6 24. Nd6 Nxd6 25. exd6 Nd7 26. h5 Rc5 27. Ne5 Qc8
28. hxg6 hxg6 29. Nxg6 Kh7 30. Ne7 Qb7 31. Rd3 Rg5 32. Rf3 f6 33. Bc1 Re5 34.
Be3 Kg7 35. Bxh6+ Kxh6 36. Qd2+ Rg5 37. Rh3+ Kg7 38. f4 Rg4 39. f5 Nf8 40. Qh6+
Kf7 1-0

[Event "DRUGA LIGA SRBIJE-GRUPA VOJVODINA 2018"]
[Site "Novi Sad"]
[Date "2018.11.11"]
[Round "4.4"]
[White "Djacanin, Goran"]
[Black "Mijatovic, Dejan"]
[Result "1-0"]
[WhiteElo "2186"]
[BlackElo "2255"]
[PlyCount "65"]
[EventDate "2018.11.09"]
[WhiteTeam "S.K. VOJVODINA-NOVI SAD"]
[BlackTeam "S.K. STARA PAZOVA-STARA PAZOVA"]

1. e4 c5 2. Nf3 d6 3. d4 cxd4 4. c3 dxc3 5. Nxc3 Nc6 6. Bc4 e6 7. O-O Be7 8.
Qe2 a6 9. a4 Nf6 10. Rd1 Qa5 11. Bf4 Ne5 12. Nxe5 dxe5 13. Bd2 Bb4 14. Bg5 h6
15. Bh4 Bd7 16. Rac1 Rc8 17. Qd3 Bc6 18. Bb5 axb5 19. Bxf6 gxf6 20. axb5 O-O
21. bxc6 Rxc6 22. Qf3 Be7 23. Rd3 f5 24. exf5 e4 25. Qg4+ Bg5 26. Rg3 exf5 27.
Qh5 f4 28. Rg4 Kg7 29. h4 Rg6 30. hxg5 hxg5 31. Rxf4 Rh6 32. Qg4 Rh4 33. Rf5
1-0

[Event "DRUGA LIGA SRBIJE-GRUPA VOJVODINA 2018"]
[Site "Novi Sad"]
[Date "2018.11.11"]
[Round "4.4"]
[White "Kovacevic, Djordje"]
[Black "Ilincic, Aleksa"]
[Result "0-1"]
[WhiteElo "2090"]
[BlackElo "2178"]
[PlyCount "66"]
[EventDate "2018.11.09"]
[WhiteTeam "S.K. STARA PAZOVA-STARA PAZOVA"]
[BlackTeam "S.K. VOJVODINA-NOVI SAD"]

1. d4 Nf6 2. Nf3 e6 3. Bf4 Bd6 4. Be5 Bxe5 5. dxe5 Ng8 6. Nc3 Ne7 7. h4 d5 8.
Qd2 O-O 9. O-O-O c5 10. h5 Nbc6 11. h6 g6 12. Qf4 f5 13. exf6 Nf5 14. g4 Nd6
15. g5 Nf7 16. Bh3 Qa5 17. Qa4 Qc7 18. e3 a6 19. Kb1 b5 20. Nxb5 axb5 21. Qxa8
Na7 22. Rxd5 exd5 23. Bxc8 Nc6 24. Qa6 Rxc8 25. Qxb5 Nce5 26. Nxe5 Qxe5 27. Rg1
Rb8 28. f4 Qd6 29. Qd3 c4 30. Qd4 Qe6 31. a3 Nd6 32. Rd1 Nb5 33. Qxd5 Nc3+ 0-1

[Event "DRUGA LIGA SRBIJE-GRUPA VOJVODINA 2018"]
[Site "Novi Sad"]
[Date "2018.11.11"]
[Round "4.4"]
[White "Veljkovic, Vojislav"]
[Black "Skoko, Milan"]
[Result "1-0"]
[WhiteElo "2159"]
[BlackElo "2164"]
[PlyCount "77"]
[EventDate "2018.11.09"]
[WhiteTeam "S.K. VOJVODINA-NOVI SAD"]
[BlackTeam "S.K. STARA PAZOVA-STARA PAZOVA"]

1. d4 f5 2. Nf3 Nf6 3. c4 d6 4. Bg5 e6 5. Nc3 Be7 6. Qc2 d5 7. e3 c6 8. Bd3 Ne4
9. Bxe7 Qxe7 10. cxd5 exd5 11. Nxd5 Qd8 12. Bxe4 O-O 13. Nc3 fxe4 14. Nxe4 Qe7
15. O-O Bf5 16. Qc4+ Be6 17. Qc5 Qe8 18. Ne5 Na6 19. Qc3 Bd5 20. Ng3 h5 21. e4
Be6 22. Ne2 h4 23. f4 Rd8 24. Rad1 Qh5 25. Qf3 Qh6 26. f5 Bxa2 27. b3 Nb4 28.
Qc3 a5 29. Ng6 Rfe8 30. Qc4+ Kh7 31. Rf4 b5 32. Qf7 a4 33. Rxh4 Bxb3 34. Rxh6+
Kxh6 35. d5 Rxe4 36. Ne7 Rd6 37. Ng3 Rh4 38. Rd4 g5 39. Ng8# 1-0

[Event "DRUGA LIGA SRBIJE-GRUPA VOJVODINA 2018"]
[Site "Novi Sad"]
[Date "2018.11.11"]
[Round "4.5"]
[White "Arbutina, Sinisa"]
[Black "Jotic, Vladimir"]
[Result "1/2-1/2"]
[WhiteElo "2325"]
[BlackElo "2369"]
[PlyCount "80"]
[EventDate "2018.11.09"]
[WhiteTeam "S.K. BACKA-PAČIR"]
[BlackTeam "S.K. POLET- RASTINA"]

1. d4 Nf6 2. c4 e6 3. Nf3 b6 4. g3 Ba6 5. Qc2 Bb7 6. Bg2 c5 7. O-O cxd4 8. Nxd4
Qc8 9. Bg5 Be7 10. Nd2 Bxg2 11. Kxg2 a6 12. Rfd1 O-O 13. Ne4 Qb7 14. f3 Nxe4
15. Bxe7 Re8 16. Ba3 Nf6 17. Bd6 Nc6 18. e4 Rec8 19. Qd3 Ne8 20. Ba3 Ne5 21.
Qe2 Nxc4 22. Bb4 d6 23. Rac1 Ne5 24. Nb3 Rxc1 25. Nxc1 Qc6 26. Nd3 Qb5 27. Bc3
Rd8 28. Qe3 Nc4 29. Qe2 d5 30. Nf4 d4 31. Rxd4 Rxd4 32. Bxd4 e5 33. b3 exd4 34.
bxc4 Qe5 35. Nd5 f5 36. Nxb6 Nd6 37. c5 Qxc5 38. e5 Qxb6 39. exd6 Qxd6 40. Qe8+
Qf8 1/2-1/2

[Event "DRUGA LIGA SRBIJE-GRUPA VOJVODINA 2018"]
[Site "Novi Sad"]
[Date "2018.11.11"]
[Round "4.5"]
[White "Kecskemeti, Arpad"]
[Black "Elez, Nikola"]
[Result "1-0"]
[WhiteElo "2195"]
[BlackElo "2120"]
[PlyCount "79"]
[EventDate "2018.11.09"]
[WhiteTeam "S.K. BACKA-PAČIR"]
[BlackTeam "S.K. POLET- RASTINA"]

1. e4 g6 2. d4 Bg7 3. Nc3 Nc6 4. Be3 d5 5. Nxd5 e6 6. Nf4 Nxd4 7. c3 e5 8. Nd3
Ne6 9. Nf3 f6 10. Qb3 Qe7 11. Nd2 Nh6 12. f3 Nf7 13. Qb4 a5 14. Qxe7+ Kxe7 15.
a4 b6 16. b4 Bd7 17. b5 Nd6 18. c4 Nd4 19. Bxd4 exd4 20. c5 bxc5 21. Nxc5 f5
22. Bd3 Bh6 23. e5 Nf7 24. g3 Nxe5 25. f4 Nxd3+ 26. Nxd3 Be6 27. Rc1 Bd5 28.
O-O Rac8 29. Rc5 Rhd8 30. Rfc1 Bg7 31. Nc4 Be4 32. Nxa5 Bxd3 33. Nc6+ Ke8 34.
Nxd8 Kxd8 35. b6 Ba6 36. Rd5+ Ke7 37. Rxc7+ Ke6 38. Rxc8 Kxd5 39. Rc7 Kd6 40.
Rxg7 1-0